000 00754nam a2200217Ii 4500
003 JO-AjNU
008 230605s9999||||xx |||||||||||||| ||und||
017 _a2013/4/1044
040 _aJO-AjNU
_bara
_erda
_cJO-AjNU
041 _aara
050 1 4 _aPN1995.T17412 2013
100 3 _aتاركوفسكي، أندريه؛ ترجمة أمين صالح,
_eauthor
_951849
245 0 0 _aالنحت في الزمن
264 3 1 _aعمان: وزارة الثقافة، 2013
300 _a212ص
336 _atext
_btxt
_2rdacontent
337 _aunmediated
_bn
_2rdamedia
338 _avolume
_bnc
_2rdacarrier
490 0 _aمكتبة الاسرة الاردنية / مهرجان القراءة للجميع
650 4 _a الاداب - السينما
_951850
999 _aA22933
_c26501
_d26501